Cambridge Advanced Learner's Dictionary

Detalles Bibliográficos
Otros Autores: Woodford K. Kate
Lenguaje:inglés
Publicado: New York, Cambridge University Press, 2005
Edición:2nd ed.
Materias:
Formato: Desconocido
KOHA link:https://koha.lib.tpu.ru/cgi-bin/koha/opac-detail.pl?biblionumber=209933

MARC

LEADER 00000nmm0a2200000 4500
001 209933
005 20231101225558.0
010 |a 9780521843799 
035 |a (RuTPU)RU\TPU\book\229285 
035 |a RU\TPU\book\86976 
090 |a 209933 
100 |a 20120217d2005 km y0engy50 ba 
101 0 |a eng 
102 |a US 
105 |a y e 000zy 
200 1 |a Cambridge Advanced Learner's Dictionary  |f managing ed. K. Woodford 
205 |a 2nd ed. 
210 |a New York  |c Cambridge University Press  |d 2005 
215 |a 1572 p.  |e CD-ROM 
606 1 |a Английский язык  |x Лексикография, словари  |2 stltpush  |3 (RuTPU)RU\TPU\subj\29061  |9 52473 
610 1 |a лексика 
610 1 |a грамматика 
610 1 |a понятия 
610 1 |a CD-ROM 
686 |a Ш143.21-4  |v LBC/SL-A  |2 rubbk 
702 1 |a Woodford  |b K.  |g Kate  |4 651 
801 1 |a RU  |b 63413507  |c 20050914  |g PSBO 
801 2 |a RU  |b 63413507  |c 20221209  |g PSBO 
942 |c MX